00331nam a2200121Ia 4500008004100000041000800041082001500049100001600064245004500080260004200125300003300167365000900200240624s9999 xx 000 0 und d aeng a658.45 PER aPERKINS P S aART AND SCIENCE OF COMMUNICATION TOOLS F c2008aNew JerseybJohn Wiley and Sons axxiii, : 198 : p. : cm. ; 23 cb30